000 01260nam a22002897a 4500
001 1365
005 20230822102908.0
008 230822b cb ||||| |||| 00| 0 khr d
020 _a9789924340171
040 _aFISKH
_beng
_cFISKH
_dFISKH
082 _a793.738
100 _aSodany, Ouch
245 _aកម្រងល្បែងកម្សាន្ត /
250 _aបោះពុម្ពលើកទី២ ខែកញ្ញា ឆ្នាំ ២០២១​
260 _aPhnom Penh :
_bSipar,
_c2021.
300 _a27 pages :
_bcolor illustrations ;
_c25 cm
490 _aញុំចង់អាន
505 _aJ
520 _aល្បែងកម្សាន្តល្បងប្រាជ្ញាខុសៗគ្នាសម្រាប់ជាជំនួយស្មារតី បង្កើនការគិតដល់មិត្តអ្នកអាន។
520 _aDifferent brain teaser games to help increase the thinking of readers.
521 _a500
_bLexile estimate
521 _aJ
_bRaz-Plus
650 _aល្បែងកម្សាន្ត
_vប្រាជ្ញា
650 _aBrain teaser games
_vEQ
700 _aVisoth, Seng​
_cillustrator
942 _2ddc
_cBK
_n0
999 _c1365
_d1365